Que enseñar y a quienes: preguntas sobre la enseñanza de temas de población en Paraguay

Salvato in:
Dettagli Bibliografici
Autore principale: Palau Viladesau, Tomás
Natura: testo
Pubblicazione: San José: PROLAP. CELADE
Tags: Aggiungi Tag
Nessun Tag, puoi essere il primo ad aggiungerne!!

MARC

LEADER 00000 a a2200000 04500
001 21870
003
040
090 |a 025800  
100 |a Palau Viladesau, Tomás  
245 |a Que enseñar y a quienes: preguntas sobre la enseñanza de temas de población en Paraguay  
260 |a San José:   |b PROLAP. CELADE  
300 |a 12 p.  
999 |c 11508  |d 11508